Statistiques concernant Nombre de lettres dans le mot

Cliquez ici pour prendre le quiz!

Statistiques générales

  • Ce quiz a été pris 92 fois
  • Le résultat moyen est 23 sur 25

Statistiques - réponses

HintRéponse% Correct
dromadaire10
99%
épidermique11
99%
caillou7
99%
libellule9
99%
ectoplasme10
98%
plantation10
97%
antiparasitaire15
97%
écholalie9
97%
résumé6
95%
plantaire9
95%
assuétude9
95%
desiderata10
92%
déshydratation14
92%
ombilical9
90%
aile4
89%
évacuation10
87%
rustre6
87%
callosité9
87%
aillent7
85%
étrusque8
85%
rocambolesque13
83%
tapisserie10
82%
cordelette10
79%
ambiguïté9
78%
alambic7
77%

Distribution des résultats

Percentile par nombre de réponses

% des personnes avec chaque résultat

Votre développement - résultats

Vous n’avez pas pris ce quiz